| 000 | 00000nam##2200000za#4500 |
| 001 | 9.600166 |
| 003 | CaOODSP |
| 005 | 20240209132611 |
| 007 | cr ||||||||||| |
| 008 | 150406|2003||||xxc|||||o f|0| 0 fre|d |
| 040 | |aCaOODSP|bfre |
| 043 | |an-cn--- |
| 086 | 1 |aC89-4/85-6-2003F-PDF |
| 110 | 2 |aAgence de promotion économique du Canada atlantique. |
| 245 | 10|aLes exportations du Canada atlantique, sous l'angle des PME et des régions rurales / |h[ressource électronique]|c[par] Pierre-Marcel Desjardins; publié par l'Institut canadien de recherche sur le développement régional. |
| 260 | |aMoncton - Nouveau-Brunswick : |bAgence de promotion économique du Canada atlantique |cc2003. |
| 300 | |a136p.|bgraphiques, tableaux |
| 490 | 1 |aCollection Maritimes. Monographies |
| 590 | |a10-15-Supp|b2010-12-10 |
| 720 | 1 |aDesjardins, Pierre-Marcel |
| 775 | 08|tAtlantic Canada's exports, with a focus on SMEs and rural regions / |w(CaOODSP)9.568905 |
| 830 | #0|aCollection Maritimes. Monographies.|w(CaOODSP)9.500839 |
| 856 | 40|ahttp://publications.gc.ca|qPDF|s2 Mo|uhttps://publications.gc.ca/collections/collection_2010/apeca-acoa/C89-4-85-6-2003-fra.pdf |